000
00251nam a2200109Ia 4500
008
220204s9999 xx 000 0 und d
082
_a
803
_b
ADA
100
_a
Adams, J
245
0
_a
German
260
_a
London
_b
Hodder and Stoughton
_c
1977
942
_c
BK
999
_c
29401
_d
29401